Statistiques concernant Les personnalités de 2023

Cliquez ici pour prendre le quiz!

Statistiques générales

  • Ce quiz a été pris 96 fois
  • Le résultat moyen est 6 sur 16

Statistiques - réponses

Réponse% Correct
Gérard Depardieu
92%
Élisabeth Borne
88%
Pierre Palmade
83%
Antoine Dupont
71%
Émile
63%
Nahel
58%
Laura Felpin
49%
Benyamin Netanyahou
33%
Evguéni Prigojine
24%
Dominique Bernard
19%
Javier Milei
14%
Sophie Binet
7%
Estelle Nze Minko
6%
Sam Altman
3%
Anne L'Huillier
2%
Les Charlots
0%

Distribution des résultats

Percentile par nombre de réponses

% des personnes avec chaque résultat

Votre développement - résultats

Vous n’avez pas pris ce quiz